| 000 | 00459 a2200157 4500 | ||
|---|---|---|---|
| 003 | Nust | ||
| 005 | 20170207171855.0 | ||
| 040 | _cNust | ||
| 082 | _a005.1 | ||
| 100 | _aKanwar, Waqas Ahmed BESE-18 | ||
| 245 |
_aAutomate Clearance System & Maintain Equipment Logs (Hard / Soft-copy) _bWaqas Ahmed Kanwar, Osama Kamal Bela, Ali Hassan Khattak |
||
| 260 |
_aMCS, NUST _bRawalpindi _cJune 2016 |
||
| 300 | _a109 p | ||
| 650 | _aUG Projects | ||
| 651 | _aUG CSE Project | ||
| 942 | _cPRG | ||
| 999 |
_c219389 _d219389 |
||